000 01398nam2a22002531 4500
001 v19\rc\1771195
005 20250619071105.0
035 _a(NLR Aleph) 004868670
090 _a5079459
_c5079459
100 _a20061204d1903 |||y0rusy50 ca
101 0 _arus
102 _aRU
105 _ay z |||||
200 0 _aЧ. 1
_eС 6 картинами: квартира, 4 времени года и крестьянский двор
210 _d1903
_aБ. м.
215 _aVIII, 142 с.
461 0 _1001v19\rc\1771194
_12001#$aУчебник немецкого языка по нагладно-аналитическому методу$fСост. и излож. Александр Иосифович Цизерль, преп. нем. яз. в Кишенев. торг. шк. Ч. 1-2$vЧ. 1
_1700#1$aЦизерль$bА.И.$gАлександр Иосифович$4220
_95079451
_aЦизерль, А.И.
_cОдесса
_d1903-1904
_fСост. и излож. Александр Иосифович Цизерль, преп. нем. яз. в Кишенев. торг. шк. Ч. 1-2
_nтип. Л. Нитче
_p2 т.
_tУчебник немецкого языка по нагладно-аналитическому методу
_vЧ. 1
801 0 _aRU
_bNLR
_gpsbo
801 0 _aRU
_bRuMoRGB
_2psbo
801 1 _aRU
_bProSoft-M
_2rusmarc
852 _aNLR
_j38.22.6.10
899 _aБАН
942 _cBOOK
980 _aNB